Living with cancer
| Main Author: | |
|---|---|
| Format: | Book |
| Published: |
London :
Franklin Watts ,
1990
|
| Series: | Living with
|
| Subjects: |
MARC
| LEADER | 00000cam a2200000 7i4500 | ||
|---|---|---|---|
| 001 | 0000005686 | ||
| 002 | 000006146 | ||
| 005 | 20060209.0 | ||
| 020 | |a 0749600993 | ||
| 090 | 0 | 0 | |a 362 |b LIV |
| 100 | 1 | |a Smail, Simon , |e Dr | |
| 245 | 1 | 0 | |a Living with cancer |c Dr Simon Smail |
| 260 | |a London : |b Franklin Watts , |c 1990 | ||
| 300 | |a 64p. : |b ill. ; |c 29cm. | ||
| 490 | 0 | |a Living with | |
| 650 | 0 | 0 | |a Cancer |x Juvenile literature |
| 999 | |a 026961 |b BUKU |c JUNIOR BOOKS |e PERPUSTAKAAN KOMUNITI CAW KOTA DAMANSARA | ||